00692nam a22002057a 450000500170000001000150001702000270003203500140005903700090007308200120008210000280009424500370012225000060015926000410016527000550020630000200026194200260028199900190030795201600032620250402140811.0 aENG-144460 a9789395401074c1550.00 aEN-127992 bDBAD a599.935 aVishwas, Shekhar980109 aHuman Genetics/cShekhar Vishwas a1 aNew Delhi bRajat Publicationsc2024 a4740/23, Ansari Road, DaryaganbNew Delhi e110002 a276p.c24cm(Hb) 2ddccENmVISh599.935 c210654d210654 001040708NFICaZLSbZLSd2025-04-02eDelivery of Books Act Divisiong1550.00l0oVIS 599.935pEN-127992r2025-04-02 00:00:00t1v1550.00w2025-04-02yEN